[Event "BRA-ch 90th"]
[Site "Natal"]
[Date "2024.12.21"]
[Round "11"]
[White "De Oliveira, Carlos Eduardo Souz"]
[Black "Matos, Lara Yasmin Pinheir"]
[Result "1-0"]
[WhiteElo "1478"]
[BlackElo "1778"]
[PlyCount "117"]
[EventDate "2024.12.13"]
[EventType "swiss"]
[EventRounds "11"]
[EventCountry "BRA"]
[SourceTitle "CB52_2024"]
[SourceDate "2024.12.25"]
[SourceVersion "1"]
[SourceVersionDate "2024.12.25"]
[SourceQuality "1"]

1. d4 e6 2. c4 d5 3. Nf3 Nf6 4. Nc3 c6 5. Bg5 Be7 6. e3 Nbd7 7. Bd3 h6 8. Bh4 0-0 9. cxd5 exd5 10. 0-0 Re8 11. Qc2 Ne4 12. Bxe7 Qxe7 13. Nd2 Ndf6 14. Ncxe4 Nxe4 15. Nxe4 dxe4 16. Bc4 Qg5 17. Kh1 Be6 18. Bxe6 Rxe6 19. Rac1 Rae8 20. Qc5 Rg6 21. Qxg5 Rxg5 22. Rc5 Rxc5 23. dxc5 Re5 24. Rc1 Rd5 25. Kg1 Rd2 26. g3 Rxb2 27. Rc4 f5 28. Ra4 a6 29. a3 Kf7 30. Rd4 Ke6 31. Rd6+ Kf7 32. Rd7+ Kg8 33. Rd8+ Kh7 34. Rf8 Kg6 35. Rd8 Rb3 36. Rd7 Rxa3 37. Rxb7 Ra5 38. Rb6 Rxc5 39. Rxa6 Kf6 40. Kf1 Ke6 41. Ke2 Kd6 42. Ra7 Rc2+ 43. Kf1 c5 44. Rxg7 Kd5 45. Rh7 c4 46. Rxh6 c3 47. Ra6 Rc1+ 48. Ke2 Rc2+ 49. Ke1 Rb2 50. Ra1 c2 51. Rc1 Rb1 52. Kd2 Rxc1 53. Kxc1 Ke6 54. Kxc2 Kf6 55. Kd2 Kg5 56. h4+ Kg4 57. Ke2 Kh5 58. f3 exf3+ 59. Kxf3 1-0

[Event "BRA-ch 90th"]
[Site "Natal"]
[Date "2024.12.13"]
[Round "1"]
[White "Batista, Davi de Azevedo"]
[Black "Matos, Lara Yasmin Pinheir"]
[Result "1-0"]
[WhiteElo "1904"]
[BlackElo "1778"]
[PlyCount "99"]
[EventDate "2024.12.13"]
[EventType "swiss"]
[EventRounds "11"]
[EventCountry "BRA"]
[SourceTitle "CB52_2024"]
[SourceDate "2024.12.25"]
[SourceVersion "1"]
[SourceVersionDate "2024.12.25"]
[SourceQuality "1"]

1. e4 c5 2. Nf3 d6 3. Bb5+ Nd7 4. 0-0 a6 5. Bxd7+ Bxd7 6. c3 Nf6 7. Re1 e6 8. d4 cxd4 9. cxd4 Be7 10. Nc3 0-0 11. Bg5 h6 12. Bh4 Nh7 13. Bg3 Ng5 14. Nxg5 Bxg5 15. Bxd6 Re8 16. e5 Be7 17. Ne4 Bc6 18. Bxe7 Qxe7 19. Qg4 Bxe4 20. Qxe4 Rab8 21. a3 Red8 22. Rac1 Qd7 23. Red1 Qb5 24. b4 Rd7 25. Rc5 Qb6 26. g3 Rbd8 27. d5 exd5 28. Rdxd5 Rxd5 29. Rxd5 Rxd5 30. Qxd5 Qc7 31. Kg2 b5 32. e6 Qe7 33. exf7+ Qxf7 34. Qxf7+ Kxf7 35. Kf3 Kf6 36. Ke4 Ke6 37. f4 g6 38. g4 Kf6 39. h4 Ke6 40. Kd4 Kd6 41. f5 gxf5 42. gxf5 Ke7 43. Ke5 h5 44. f6+ Kf7 45. Kf5 Kf8 46. Kg6 Kg8 47. Kxh5 Kh7 48. Kg5 Kg8 49. Kf5 Kf7 50. h5 1-0